Sarkari katleaam insaf "november 84" (Record no. 440141)

000 -LEADER
fixed length control field 00302cam a22000977a 4500
008 - FIXED-LENGTH DATA ELEMENTS--GENERAL INFORMATION
fixed length control field 180718b1997 xxu||||| |||| 00| 0 eng d
100 ## - MAIN ENTRY--PERSONAL NAME
Personal name Babbar, Gurucharan Singh
245 ## - TITLE STATEMENT
Title Sarkari katleaam insaf "november 84"
Statement of responsibility, etc. by Gurucharan Singh Babbar
260 ## - PUBLICATION, DISTRIBUTION, ETC.
Place of publication, distribution, etc. Delhi
Name of publisher, distributor, etc. Babbar Publlication
Date of publication, distribution, etc. 1997
300 ## - PHYSICAL DESCRIPTION
Extent 218p.
Holdings
Withdrawn status Lost status Damaged status Not for loan Permanent Location Current Location Date acquired Barcode Date last seen Price effective from Koha item type
        Indian Institute of Public Administration Indian Institute of Public Administration 2010-05-10 73698 2018-07-21 2018-07-21 Book

Powered by Koha